Statistics for Top 100 Greatest NBA Players

Click here to take the quiz!

General Stats

  • This quiz has been taken 252,087 times
  • The average score is 40 of 100

Answer Stats

#RetiredPlayer% Correct
12003Michael Jordan
99%
3activeLeBron James
98%
122016Kobe Bryant
92%
23activeStephen Curry
89%
41996Magic Johnson
85%
92011Shaquille O'Neal
85%
21989Kareem Abdul-Jabbar
85%
61992Larry Bird
83%
22activeKevin Durant
82%
51973Wilt Chamberlain
81%
82016Tim Duncan
78%
131974Jerry West
78%
71969Bill Russell
74%
272019Dwyane Wade
71%
252003Scottie Pippen
70%
172019Dirk Nowitzki
68%
49activeRussell Westbrook
67%
162004Karl Malone
66%
841990Dennis Johnson
65%
151995Moses Malone
64%
462010Allen Iverson
64%
141987Julius Erving
64%
97activeJames Harden
63%
212016Kevin Garnett
62%
102002Hakeem Olajuwon
62%
302015Steve Nash
57%
29activeChris Paul
57%
502014Ray Allen
56%
192003John Stockton
56%
642000Dennis Rodman
54%
261994Isiah Thomas
53%
202003David Robinson
53%
69activeVince Carter
53%
452017Paul Pierce
53%
182000Charles Barkley
52%
582019Tony Parker
52%
59activeCarmelo Anthony
52%
862017Chris Bosh
47%
111974Oscar Robertson
47%
612018Manu Ginobili
46%
322002Patrick Ewing
45%
821984David Thompson
44%
352013Jason Kidd
43%
632012Tracy McGrady
41%
56activePau Gasol
39%
95activeMarc Gasol
39%
67activeDwight Howard
39%
391970Bob Cousy
38%
892011Yao Ming
38%
361998Clyde Drexler
36%
512005Reggie Miller
35%
311993Kevin McHale
34%
412007Gary Payton
33%
341965Bob Pettit
31%
99activeKevin Love
30%
241971Elgin Baylor
30%
441999Dominique Wilkins
30%
75activeBlake Griffin
30%
931975Lenny Wilkens
29%
732009Dikembe Mutombo
27%
431994James Worthy
27%
281978John Havlicek
26%
1002003Shawn Kemp
25%
421987Bill Walton
25%
571997Robert Parish
25%
711980Pete Maravich
24%
331956George Mikan
22%
771999Joe Dumars
21%
471986George Gervin
21%
872013Chauncey Billups
21%
781969Sam Jones
20%
832000Chris Mullin
20%
652004Alonzo Mourning
20%
961986Bobby Jones
20%
371978Rick Barry
19%
531981Wes Unseld
19%
662007Chris Webber
19%
381980Walt Frazier
18%
481974Willis Reed
18%
521986Bob McAdoo
17%
401981Elvin Hayes
16%
802013Grant Hill
16%
621991Alex English
14%
541993Bernard King
12%
551983Dave Cowens
12%
761984Nate Archibald
10%
941998Mark Price
10%
601980Earl Monroe
9%
921977Nate Thurmond
9%
981979Gail Goodrich
8%
811991Sidney Moncrief
8%
741964Dolph Schayes
8%
701988Artis Gilmore
8%
791974Jerry Lucas
8%
681984Bob Lanier
7%
721991Adrian Dantley
7%
911993Maurice Cheeks
7%
901962Paul Arizin
6%
881976Billy Cunningham
6%
851974Dave DeBusschere
6%

Score Distribution

Percentile by Number Answered

Percent of People with Each Score

Your Score History

You have not taken this quiz